LEADER 00915cam0-2200313---450- 001 990004177180403321 005 20161005104742.0 010 $a0-19-866158-4 035 $a000417718 035 $aFED01000417718 035 $a(Aleph)000417718FED01 035 $a000417718 100 $a19990604d1996----km-y0itay50------ba 101 0 $aeng 102 $aGB 105 $aa-------001yy 200 1 $a<>Oxford companion to irish literature$fedited by Robert Welch$gassistant editor Bruce Stewart 210 $aOxford$cClarendon press$d1996 215 $aXXV, 614 p.$c3 ill.$d24 cm 610 0 $aLetteratura inglese$aAutori irlandesi 676 $a820.99415$v22$zita 702 1$aWelch,$bRobert$f<1947- > 702 1$aStewart,$bBruce 801 0$aIT$bUNINA$gRICA$2UNIMARC 901 $aBK 912 $a990004177180403321 952 $a820.994 WEL 1$bBibl.22328$fFLFBC 959 $aFLFBC 997 $aUNINA LEADER 01318nam0 22002771i 450 001 UON00431127 005 20231205104907.966 010 $a35-340-5456-3 100 $a20131003d1985 |0itac50 ba 101 $ager 102 $aDE 105 $a|||| 1|||| 200 1 $aˆDie ‰Geschichte des Genie-Gedankens in der deutschen Literatur, Philosophie und Politik, 1750-1945. 1.: von der Aufklärung bis zum Idealismus$fJochen Schmidt 210 $aDarmstadt$cWissenschaftliche Buchgesellschaft$d1985 215 $aXV, 491 p.$d19 cm. 606 $aGENIO NELLA LETTERATURA TEDESCA$3UONC062704$2FI 620 $aDE$dDarmstadt$3UONL000227 676 $a830.09$cLetteratura tedesca. Storia, descrizione, studi critici$v21 700 1$aSCHMIDT$bJochen$3UONV164589$0162346 712 $aWissenschaftliche Buchgesellschaft$3UONV246154$4650 801 $aIT$bSOL$c20240220$gRICA 899 $aSIBA - SISTEMA BIBLIOTECARIO DI ATENEO$2UONSI 912 $aUON00431127 950 $aSIBA - SISTEMA BIBLIOTECARIO DI ATENEO$dSI TED 11 c SCH 04 $eSI LO 31480 5 04 $sBuono 996 $aGeschichte des Genie-Gedankens in der deutschen Literatur, Philosophie und Politik, 1750-1945. 1.: von der Aufklärung bis zum Idealismus$91335321 997 $aUNIOR